Cities with skyscrapers in the EU - Statistics

General Stats
  • This quiz has been taken 93 times
  • The average score is 17 of 22
Answer Stats
# Country City % Correct
23 France Paris
100%
6 Spain Madrid
97%
7 Netherlands Rotterdam
97%
12 Poland Warsaw
97%
5 Italy Milan
96%
2 Spain Barcelona
95%
18 Germany Frankfurt
95%
1 Netherlands Amsterdam
94%
1 Italy Rome
92%
3 Austria Vienna
92%
2 France Lyon
87%
1 Spain Seville
85%
1 Lithuania Vilnius
83%
2 Italy Turin
82%
1 Sweden Malmö
81%
1 Spain Bilbao
69%
1 Poland Gdansk
67%
1 Poland Wroclaw
63%
1 Cyprus Limassol
38%
3 Spain Benidorm
29%
1 Germany Bonn
28%
1 Italy Latina
3%
No matching quizzes found
Score Distribution
Percent of People with Each Score
Percentile by Number Answered
Your Score History
You have not taken this quiz